Masalah guru pelatih kursus perguruan lepas ijazah di Maktab Perguruan Raja Melawar, Seremban /
Saved in:
| Main Author: | |
|---|---|
| Format: | Thesis Book |
| Language: | Malay |
| Published: |
1994.
|
| Subjects: | |
| Tags: |
Add Tag
No Tags, Be the first to tag this record!
|
| LEADER | 01294cam a2200313 a 4500 | ||
|---|---|---|---|
| 001 | u357775 | ||
| 003 | SIRSI | ||
| 008 | 911216s1994 my a t 00 1 may m | ||
| 035 | |a ABT-6227 | ||
| 040 | |a UMM | ||
| 043 | |a a-my-ns | ||
| 090 | |a LB2157 |b M4Yu | ||
| 091 | |a Microfiche 12536. | ||
| 100 | 1 | 0 | |a Yu, Chok Tow. |
| 245 | 1 | 0 | |a Masalah guru pelatih kursus perguruan lepas ijazah di Maktab Perguruan Raja Melawar, Seremban / |c oleh Yu Chok Tow. |
| 260 | |c 1994. | ||
| 300 | |a xii, [144] leaves ; |c 30 cm. | ||
| 500 | |a Also available on microfiche. Kuala Lumpur : Perpustakaan Universiti Malaya, 1996. 2 fiches : negative ; 11x15 cm. | ||
| 502 | |a Dissertation (M.Ed.) -- Fakulti Pendidikan, Universiti Malaya,1994. | ||
| 504 | |a Bibliography: leaves 119-124. | ||
| 610 | 2 | 0 | |a Maktab Perguruan Raja Melewar (Seremban). |
| 650 | 0 | |a Student teachers |z Malaysia |x Psychological aspects. | |
| 650 | 0 | |a Student teachers |x Training of |z Malaysia. | |
| 650 | 0 | |a Student teachers |z Malaysia |x Attitudes. | |
| 710 | 2 | 1 | |a Universiti Malaya. |b Fakulti Pendidikan. |
| 948 | |a 22/08/1994 |b 25/11/2000 | ||
| 596 | |a 1 8 | ||
| 999 | |a LB2157 M4YU |w LC |c 1 |i A504266860 |d 7/3/2013 |e 7/3/2013 |l STACKS |m P01UTAMA |n 21 |r Y |s Y |t TESIS |u 30/9/1994 | ||
| 999 | |a LB2157 M4YU |w LC |c 1 |i A506694233 |l STACKS |m P08PENDIDI |r Y |s Y |t TESIS |u 11/11/1997 | ||
